Statystyki dla Flagi państw graniczących z Chinami

Kliknij tutaj aby rozwiązać quiz!

Ogólne statystyki

  • Ten quiz został rozwiązany 268 razy
  • Średni wynik to 12 z 14

Statystyki odpowiedzi

Odpowiedź% Poprawnych
Indie
100%
Rosja
100%
Nepal
98%
Kazachstan
93%
Wietnam
91%
Korea Północna
88%
Pakistan
87%
Bhutan
85%
Mongolia
85%
Afganistan
80%
Laos
80%
Kirgistan
77%
Mjanma
69%
Tadżykistan
64%

Rozkład punktacji

Percentyl według liczby udzielonych odpowiedzi

Procent ludzi z każdym wynikiem

Twoja historia wyników

Nie rozwiązałeś tego quizu